[Event "NED-chT"]
[Site "Netherlands"]
[Date "1993.??.??"]
[Round "3"]
[White "Oll, Lembit"]
[Black "Van de Plassche, Bas"]
[Result "1-0"]
[WhiteElo "2585"]
[BlackElo "2275"]
[PlyCount "107"]
[EventDate "1993.??.??"]
[EventType "team"]
[EventRounds "11"]
[EventCountry "NED"]
[Source "ChessBase"]
[SourceDate "1996.11.15"]

1. e4 c5 2. Nf3 d6 3. d4 cxd4 4. Nxd4 Nf6 5. Nc3 a6 6. Be2 e5 7. Nb3 Be7 8. O-O
O-O 9. Kh1 b5 10. a4 Bb7 11. Nd5 Nxd5 12. exd5 b4 13. a5 Nd7 14. Ra4 Nf6 15.
Bc4 Rc8 16. Rxb4 Rc7 17. Rxb7 Rxb7 18. Bxa6 Rxb3 19. cxb3 Qxa5 20. Bc4 Bd8 21.
Bd2 Qa7 22. Qe2 Bb6 23. Bg5 Bd8 24. g3 h6 25. Bd2 Bb6 26. Bc3 Bd4 27. Kg2 Ra8
28. Rd1 Bc5 29. b4 Bb6 30. Bb5 Qe7 31. Bc6 Ra7 32. Qf3 g6 33. Qe2 h5 34. h3 Nh7
35. Bd2 Ra2 36. Bc3 Ra7 37. Qb5 Qd8 38. Qc4 Qg5 39. f4 Qf5 40. Qd3 Qxd3 41.
Rxd3 e4 42. Rd1 Ra2 43. g4 Kf8 44. Re1 e3 45. Kf3 Ke7 46. g5 f6 47. h4 fxg5 48.
fxg5 Nf8 49. Bf6+ Kf7 50. Rf1 Ra7 51. Ke2 Kg8 52. Rf4 Rf7 53. Re4 Ba7 54. Re7
1-0

[Event "Oviedo rapid"]
[Site "Oviedo"]
[Date "1993.??.??"]
[Round "3"]
[White "Oll, Lembit"]
[Black "Nedobora, Mikhail"]
[Result "1-0"]
[WhiteElo "2585"]
[BlackElo "2435"]
[PlyCount "75"]
[EventDate "1993.??.??"]
[EventType "swiss (rapid)"]
[EventRounds "13"]
[EventCountry "ESP"]
[Source "ChessBase"]
[SourceDate "2001.11.25"]

1. e4 c5 2. Nf3 d6 3. d4 cxd4 4. Nxd4 Nf6 5. Nc3 a6 6. Be2 e6 7. a4 Nc6 8. O-O
Be7 9. f4 Qc7 10. Be3 O-O 11. Qe1 Bd7 12. Qg3 Nxd4 13. Bxd4 Bc6 14. e5 Ne8 15.
a5 dxe5 16. fxe5 Bb4 17. Bb6 Qe7 18. Kh1 Bc5 19. Bxc5 Qxc5 20. Bd3 Nc7 21. Ne4
Bxe4 22. Bxe4 Nd5 23. c3 Rad8 24. Rf3 g6 25. h4 Ne7 26. h5 Rd2 27. b4 Qc7 28.
Raf1 Re2 29. Qf4 Nd5 30. Bxd5 exd5 31. hxg6 hxg6 32. Rg3 Re8 33. Rh3 R2xe5 34.
Qh2 Kf8 35. Rh7 R8e6 36. Rh8+ Ke7 37. Rxf7+ Kxf7 38. Rh7+ 1-0

[Event "Oviedo rapid"]
[Site "Oviedo"]
[Date "1993.??.??"]
[Round "6"]
[White "Strikovic, Aleksa"]
[Black "Oll, Lembit"]
[Result "1-0"]
[WhiteElo "2465"]
[BlackElo "2585"]
[PlyCount "84"]
[EventDate "1993.??.??"]
[EventType "swiss (rapid)"]
[EventRounds "13"]
[EventCountry "ESP"]
[Source "ChessBase"]
[SourceDate "1994.03.01"]

1. e4 e5 2. Nf3 Nc6 3. d4 exd4 4. Nxd4 Bc5 5. Be3 Qf6 6. c3 d6 7. Be2 Qg6 8.
O-O Bh3 9. Bf3 Ne5 10. Nd2 Nf6 11. Nf5 Bxe3 12. Nxe3 Nxf3+ 13. Qxf3 Bd7 14. Nf5
Qg5 15. Qe3 Qxe3 16. Nxe3 O-O 17. c4 Rfe8 18. f3 c6 19. Rad1 Rad8 20. Nb1 Bc8
21. Nc3 g6 22. Rd2 Kf8 23. Rfd1 Ke7 24. Kf2 Nh5 25. g3 Ng7 26. f4 f5 27. Kf3
Rf8 28. Re1 Ne6 29. b4 Kd7 30. a3 Kc7 31. Red1 h6 32. exf5 gxf5 33. Ne2 Rf6 34.
Re1 h5 35. Ng2 b6 36. Kf2 Bb7 37. Nc3 a6 38. Nh4 b5 39. cxb5 axb5 40. Rc1 Kb8
41. a4 bxa4 42. Nxa4 Kc7 1-0

[Event "Hoogovens"]
[Site "Wijk aan Zee"]
[Date "1993.01.??"]
[Round "1"]
[White "Oll, Lembit"]
[Black "Wolff, Patrick"]
[Result "1/2-1/2"]
[WhiteElo "2585"]
[BlackElo "2580"]
[Annotator "Ftacnik,L"]
[PlyCount "53"]
[EventDate "1993.01.??"]
[EventType "k.o."]
[EventRounds "5"]
[EventCountry "NED"]
[Source "ChessBase"]
[SourceDate "1993.06.01"]

1. d4 d5 2. c4 c6 3. Nc3 e6 4. e3 Nf6 5. Nf3 Nbd7 6. Bd3 dxc4 7. Bxc4 b5 8. Be2
b4 9. Na4 Bb7 10. O-O Be7 11. a3 bxa3 $6 (11... a5 12. Bd2 $14) 12. b3 $1 $146
c5 $6 (12... O-O 13. Bxa3 Bxa3 14. Rxa3 Qe7 15. Qc1 $14) 13. dxc5 Nxc5 14. Bb5+
(14. Qxd8+ Kxd8 (14... Rxd8 15. Nxc5 Bxc5 16. Bxa3 $16) 15. Nxc5 Bxc5 16. Bxa3
Nd7 17. Bxc5 Nxc5 18. b4 $16) 14... Ncd7 $8 15. Ne5 Qc7 16. Qd4 (16. Nxd7 Nxd7
17. Bxa3 Bxa3 18. Rxa3 Ke7 (18... Rd8 19. Qc1 $16) (18... Bc6 19. Qc2 Rc8 20.
Rc1 Nb8 21. b4 $18) 19. Qd4 Rhd8 20. Rfa1 $16) 16... O-O 17. Nxd7 Rfd8 18. Bxa3
$2 (18. Nxf6+ Bxf6 19. Qc5 Qxc5 20. Nxc5 Bxa1 21. Bxa3 Rab8 22. Rxa1 Bxg2 23.
Be2 $16) 18... Bxa3 19. Nxf6+ gxf6 20. Qxf6 (20. Qg4+ Kh8 21. Rxa3 Rg8 $19)
20... Be7 $1 21. Qc3 (21. Rac1 Qd6 $1) 21... Rac8 22. Qxc7 Rxc7 23. Bc4 Bd5 24.
Bxd5 $2 (24. Nb2 Bf6 25. Bxd5 $14) 24... Rxd5 25. Rfc1 Rb7 26. Rab1 Rdb5 27. g3
(27. g3 Rxb3 28. Rxb3 Rxb3 29. Rc7 Bb4 30. Rxa7 Ra3) 1/2-1/2

[Event "Hoogovens"]
[Site "Wijk aan Zee"]
[Date "1993.01.??"]
[Round "1"]
[White "Wolff, Patrick"]
[Black "Oll, Lembit"]
[Result "0-1"]
[WhiteElo "2580"]
[BlackElo "2585"]
[PlyCount "136"]
[EventDate "1993.01.??"]
[EventType "k.o."]
[EventRounds "5"]
[EventCountry "NED"]
[Source "ChessBase"]
[SourceDate "1993.06.01"]

1. e4 c5 2. Nf3 d6 3. d4 Nf6 4. Nc3 cxd4 5. Nxd4 a6 6. a4 e6 7. Be2 Qc7 8. a5
Nbd7 9. Nb3 b5 10. axb6 Nxb6 11. O-O Be7 12. Be3 O-O 13. Qd4 Nfd7 14. Rfd1 Rd8
15. Na5 Nc5 16. Nc4 Rb8 17. Nxb6 Rxb6 18. Rab1 Rc6 19. Qd2 Nd7 20. Bd4 Nb6 21.
Bd3 Nc4 22. Qe2 Ne5 23. f4 Nxd3 24. Rxd3 Rc4 25. Qf2 d5 26. exd5 exd5 27. Kh1
Bc5 28. Rbd1 Bb7 29. Bxc5 Rxc5 30. Rd4 h6 31. Qe3 Rc4 32. Kg1 Qb6 33. b3 Rxd4
34. Qxd4 Qc7 35. Rd3 Re8 36. Kf2 Qe7 37. Re3 Qh4+ 38. Rg3 g6 39. h3 Rc8 40. Qe5
Bc6 41. Qd4 Bb7 42. Qe5 Rc6 43. f5 Qf6 44. Qxf6 Rxf6 45. Ne2 Rxf5+ 46. Rf3
Rxf3+ 47. Kxf3 Kf8 48. Kf4 Ke7 49. Ke5 f6+ 50. Kd4 Kd6 51. Nf4 g5 52. Nh5 Ke7
53. Ng3 Ke6 54. Nf1 f5 55. Ne3 f4 56. Ng4 h5 57. Ne5 Kf5 58. b4 g4 59. hxg4+
hxg4 60. c3 Bc8 61. Nd3 Be6 62. Ne1 Bf7 63. Nd3 Bg8 64. Ne1 Be6 65. Nd3 Bf7 66.
Ne1 g3 67. Nf3 Bh5 68. Ng1 Bd1 0-1

[Event "Hoogovens"]
[Site "Wijk aan Zee"]
[Date "1993.01.??"]
[Round "2"]
[White "Oll, Lembit"]
[Black "Sokolov, Ivan"]
[Result "1-0"]
[WhiteElo "2585"]
[BlackElo "2640"]
[PlyCount "65"]
[EventDate "1993.01.??"]
[EventType "k.o."]
[EventRounds "5"]
[EventCountry "NED"]
[Source "ChessBase"]
[SourceDate "1993.06.01"]

1. d4 Nf6 2. c4 e6 3. Nf3 b6 4. g3 Ba6 5. Nbd2 Bb7 6. Bg2 c5 7. e4 cxd4 8. e5
Ng4 9. O-O Qc7 10. Re1 Nc6 11. h3 Nh6 12. Ne4 Ng8 13. Bf4 Qc8 14. Rc1 Bc5 15.
a3 a5 16. Nfg5 Be7 17. c5 h6 18. Nf3 bxc5 19. Nxc5 Bxc5 20. Rxc5 Qb8 21. Rb5
Qc7 22. Nxd4 Nge7 23. Qd2 O-O 24. Rc1 a4 25. Bxh6 gxh6 26. Qxh6 Ra5 27. Be4 Ng6
28. Bxg6 fxg6 29. Qxg6+ Kh8 30. Nxc6 dxc6 31. Rc4 Qd8 32. Qh6+ Kg8 33. Rg4+ 1-0

[Event "Hoogovens"]
[Site "Wijk aan Zee"]
[Date "1993.01.??"]
[Round "2"]
[White "Oll, Lembit"]
[Black "Sokolov, Ivan"]
[Result "1-0"]
[WhiteElo "2585"]
[BlackElo "2640"]
[PlyCount "127"]
[EventDate "1993.01.??"]
[EventType "k.o."]
[EventRounds "5"]
[EventCountry "NED"]
[Source "ChessBase"]
[SourceDate "1993.06.01"]

1. d4 Nf6 2. c4 g6 3. Nc3 d5 4. cxd5 Nxd5 5. e4 Nxc3 6. bxc3 Bg7 7. Bb5+ Nd7 8.
Nf3 O-O 9. O-O c5 10. Rb1 Qc7 11. Re1 Nb6 12. Ba3 cxd4 13. cxd4 Bg4 14. d5 Nc8
15. h3 Bxf3 16. Qxf3 Nd6 17. Bf1 Be5 18. Bb2 Bxb2 19. Rxb2 f6 20. Qe3 Qa5 21.
e5 fxe5 22. Qxe5 Rf7 23. Bd3 Rc8 24. Rbe2 Qc3 25. Qe3 Qa5 26. Qg5 Qb6 27. Rxe7
Qxf2+ 28. Kh2 Qf6 29. Qxf6 Rxf6 30. Rd7 Rc3 31. Bb1 a6 32. Ree7 Rf7 33. Rxf7
Nxf7 34. Rxb7 Ra3 35. Rb2 Kf8 36. Bc2 Rc3 37. Rb8+ Kg7 38. Bb3 Nd6 39. Rb6 Ne4
40. Rxa6 Nd2 41. Rb6 Rd3 42. d6 Nxb3 43. axb3 Kf6 44. d7+ Ke5 45. Rb7 g5 46.
d8=Q Rxd8 47. Rxh7 Rd3 48. Rb7 g4 49. Rb5+ Kf6 50. hxg4 Kg6 51. g5 Rc3 52. b4
Rb3 53. g4 Kg7 54. Kg2 Kg6 55. Kf2 Rd3 56. Rc5 Rd4 57. b5 Rxg4 58. Ke3 Kf7 59.
Kd3 Ke7 60. Kc3 Kd7 61. Kb3 Ke7 62. b6 Kd7 63. b7 Rg1 64. Rb5 1-0

[Event "Hoogovens"]
[Site "Wijk aan Zee"]
[Date "1993.01.??"]
[Round "2"]
[White "Sokolov, Ivan"]
[Black "Oll, Lembit"]
[Result "1-0"]
[WhiteElo "2640"]
[BlackElo "2585"]
[Annotator "Ftacnik,L"]
[PlyCount "65"]
[EventDate "1993.01.??"]
[EventType "k.o."]
[EventRounds "5"]
[EventCountry "NED"]
[Source "ChessBase"]
[SourceDate "1993.06.01"]

1. d4 d5 2. c4 c6 3. Nc3 Nf6 4. Nf3 e6 5. Bg5 dxc4 6. e4 b5 7. e5 h6 8. Bh4 g5
9. Nxg5 hxg5 10. Bxg5 Nbd7 11. g3 Bb7 12. Bg2 Qb6 13. exf6 O-O-O 14. O-O c5 15.
d5 b4 16. Na4 Qb5 17. a3 Nb8 18. axb4 cxb4 19. Qg4 Bxd5 20. Rfc1 Nc6 21. Bxd5
Rxd5 22. Rxc4 Kd7 $1 $146 (22... Rxg5 23. Qd4 $1 Kb8 24. Rxc6 Rxg3+ 25. fxg3
Qxc6 26. Rd1 $1 $16) 23. Rac1 Rxg5 24. Qe4 Nd8 (24... Rd5 25. Rxc6 Qxc6 26.
Rxc6 Kxc6 27. b3 $14) 25. Qd4+ Ke8 26. Qxa7 Qa5 27. Qb8 Qxa4 28. Rd4 Rd5 $4 (
28... Qa5 $1 29. Rxd8+ Qxd8 30. Rc8 Rd5 31. Rxd8+ Rxd8 32. Qb5+ Rd7 33. Qb8+
$10) 29. Rxd5 exd5 30. Qc8 $1 Qd7 (30... Be7 31. Re1 $1) 31. Re1+ Qe6 32. Rxe6+
fxe6 33. f7+ (33. f7+ Kxf7 34. Qxd8 Bg7 35. Qd7+ $18) 1-0

[Event "Hoogovens"]
[Site "Wijk aan Zee"]
[Date "1993.01.??"]
[Round "2"]
[White "Sokolov, Ivan"]
[Black "Oll, Lembit"]
[Result "1/2-1/2"]
[WhiteElo "2640"]
[BlackElo "2585"]
[PlyCount "120"]
[EventDate "1993.01.??"]
[EventType "k.o."]
[EventRounds "5"]
[EventCountry "NED"]
[Source "ChessBase"]
[SourceDate "1993.06.01"]

1. c4 e6 2. Nc3 Bb4 3. d4 d5 4. a3 Bxc3+ 5. bxc3 Ne7 6. Nf3 O-O 7. e3 b6 8. Bd3
Nd7 9. cxd5 exd5 10. c4 Nf6 11. O-O Ba6 12. Qa4 Bxc4 13. Bxc4 dxc4 14. Qxc4 Rc8
15. Bb2 Qd5 16. Rac1 Ne4 17. Qe2 Ng6 18. Rfd1 Rfe8 19. Ne5 Nxe5 20. dxe5 Qe6
21. f3 Nc5 22. e4 Rcd8 23. f4 Qb3 24. Bd4 Ne6 25. Be3 c5 26. f5 Nd4 27. Bxd4
cxd4 28. f6 Qe6 29. Qh5 gxf6 30. exf6 Qxf6 31. Rc7 d3 32. Rf1 Re5 33. Qxf7+
Qxf7 34. Rfxf7 d2 35. Rg7+ Kf8 36. Rcf7+ Ke8 37. Rg8+ Kxf7 38. Rxd8 Ra5 39.
Rxd2 Rxa3 40. Rd7+ Kg6 41. e5 b5 42. Rb7 a6 43. e6 h5 44. e7 Kf7 45. Kf2 Ra4
46. Ke3 b4 47. Kd4 a5 48. Ra7 b3+ 49. Kc3 Rb4 50. Kb2 a4 51. g3 Re4 52. h3 Re2+
53. Kb1 Re4 54. Kb2 Ke8 55. Kb1 Re1+ 56. Kb2 Re2+ 57. Kb1 Ra2 58. g4 h4 59. g5
a3 60. g6 Rb2+ 1/2-1/2

[Event "Hoogovens"]
[Site "Wijk aan Zee"]
[Date "1993.01.??"]
[Round "3"]
[White "Oll, Lembit"]
[Black "Shirov, Alexei"]
[Result "1-0"]
[WhiteElo "2585"]
[BlackElo "2670"]
[PlyCount "59"]
[EventDate "1993.01.??"]
[EventType "k.o."]
[EventRounds "5"]
[EventCountry "NED"]
[Source "ChessBase"]
[SourceDate "1993.06.01"]

1. d4 Nf6 2. c4 g6 3. Nc3 Bg7 4. e4 d6 5. Nf3 O-O 6. Be2 e5 7. dxe5 dxe5 8.
Qxd8 Rxd8 9. Bg5 Rf8 10. Nd5 Nxd5 11. cxd5 c6 12. Bc4 b5 13. Bb3 Bb7 14. O-O-O
c5 15. h4 Nd7 16. h5 Rfc8 17. hxg6 hxg6 18. Bc2 c4 19. Rh3 Nc5 20. Rdh1 b4 21.
Kd2 b3 22. axb3 cxb3 23. Bb1 Na4 24. Nh2 f6 25. Bh6 Nxb2 26. Ng4 Ba6 27. Bxg7
Kxg7 28. Rh7+ Kf8 29. Rd7 Nc4+ 30. Ke1 1-0

[Event "Hoogovens"]
[Site "Wijk aan Zee"]
[Date "1993.01.??"]
[Round "3"]
[White "Oll, Lembit"]
[Black "Shirov, Alexei"]
[Result "1-0"]
[WhiteElo "2585"]
[BlackElo "2670"]
[PlyCount "79"]
[EventDate "1993.01.??"]
[EventType "k.o."]
[EventRounds "5"]
[EventCountry "NED"]
[Source "ChessBase"]
[SourceDate "1993.06.01"]

1. e4 c5 2. Nf3 d6 3. d4 cxd4 4. Nxd4 Nf6 5. Nc3 Nc6 6. Bg5 e6 7. Qd2 a6 8.
O-O-O h6 9. Be3 Qc7 10. f3 Rb8 11. Kb1 Be7 12. Bd3 Nxd4 13. Bxd4 b5 14. Qf2 e5
15. Ba7 Rb7 16. Be3 Be6 17. g4 Qa5 18. h4 b4 19. Nd5 Nxd5 20. exd5 Qxd5 21. b3
Qc6 22. Qe2 a5 23. f4 Bd5 24. Rhf1 a4 25. fxe5 dxe5 26. g5 hxg5 27. Bxg5 f6 28.
Bg6+ Bf7 29. Be4 Qc7 30. Qg2 Ra7 31. Be3 Ra6 32. Bd3 Ra5 33. Qxg7 Rg8 34. Qh7
axb3 35. cxb3 Rg3 36. Bf5 Ra8 37. h5 Rd8 38. Bg6 Rxd1+ 39. Rxd1 Bd6 40. Qg8+
1-0

[Event "Hoogovens"]
[Site "Wijk aan Zee"]
[Date "1993.01.??"]
[Round "3"]
[White "Shirov, Alexei"]
[Black "Oll, Lembit"]
[Result "1/2-1/2"]
[WhiteElo "2670"]
[BlackElo "2585"]
[PlyCount "79"]
[EventDate "1993.01.??"]
[EventType "k.o."]
[EventRounds "5"]
[EventCountry "NED"]
[Source "ChessBase"]
[SourceDate "1993.06.01"]

1. d4 Nf6 2. c4 e6 3. Nf3 b6 4. a3 Ba6 5. Qb3 c5 6. d5 exd5 7. cxd5 Bd6 8. Nc3
O-O 9. Bg5 Re8 10. Rd1 h6 11. Bh4 b5 12. e3 b4 13. Nb5 Bxb5 14. Bxb5 bxa3 15.
Qxa3 Qb6 16. Bc4 Re4 17. b3 Ng4 18. Bg3 Bxg3 19. hxg3 d6 20. Nd2 Re7 21. Be2
Nf6 22. Nc4 Qc7 23. Qa5 Qxa5+ 24. Nxa5 Nbd7 25. Nc6 Ree8 26. Ba6 Re4 27. Ke2
Rae8 28. Bd3 Rg4 29. Nxa7 Nb6 30. Nb5 Nfxd5 31. Kf3 Rb4 32. Bc4 Re6 33. g4 Nxc4
34. bxc4 Nb6 35. Nxd6 Nxc4 36. Nxc4 Rxc4 37. g5 Kh7 38. Rd7 Kg6 39. gxh6 gxh6
40. g4 1/2-1/2

[Event "Hoogovens"]
[Site "Wijk aan Zee"]
[Date "1993.01.??"]
[Round "3"]
[White "Shirov, Alexei"]
[Black "Oll, Lembit"]
[Result "1-0"]
[WhiteElo "2670"]
[BlackElo "2585"]
[Annotator "Boensch,U"]
[PlyCount "65"]
[EventDate "1993.01.??"]
[EventType "k.o."]
[EventRounds "5"]
[EventCountry "NED"]
[Source "ChessBase"]
[SourceDate "1993.06.01"]

1. e4 c5 2. Nf3 d6 3. d4 cxd4 4. Nxd4 Nf6 5. Nc3 a6 6. Be3 Ng4 7. Bg5 (7. Bc1
Nc6 8. Be2 Qb6 9. Bxg4 Qxd4 10. Be3 Qxd1+ 11. Bxd1 e6 12. Na4 Be7 13. Nb6 Rb8
14. f4 O-O 15. c3 Rd8 16. Bb3 Bd7 17. O-O-O Be8 18. a3 Bf8 19. Rhf1 Ne7 20. f5
exf5 21. exf5 Nc8 22. Nd5 Bc6 23. f6 Bxd5 24. Bxd5 g6 25. Bd4 h5 26. Kc2 $16 {
Szalanczy,E-Orso,M/HUN-chT 9192/1991/1-0 (37)}) (7. Bc4 Nxe3 8. fxe3 e6 9. O-O
Be7 (9... Nc6 10. Nxc6 bxc6 11. Qf3 $13) 10. Qh5 O-O 11. Nce2 g6 12. Qf3 Nd7
13. Bb3 Nc5 14. Rad1 Nxb3 15. axb3 e5 16. Nf5 gxf5 17. exf5 f6 18. c4 Bd7 19.
Qxb7 Qc8 20. Qf3 Bc6 21. e4 Qb7 22. Ng3 Kh8 23. Rfe1 a5 24. Rd3 a4 25. h3 Qb4
26. Rc1 $19 {Grosar,A-Stohl,I/Mitropa Cup/1993/0.5 (48)}) 7... h6 (7... Qb6 8.
Nd5 Qd8 9. Bc4 (9. Be2 Nf6 10. Nc3 Nc6 11. f3 Qa5 12. Be3 g6 13. Qd2 Bg7 14.
O-O Qh5 15. h3 Qa5 16. Nb3 Qc7 17. a4 b6 18. f4 O-O 19. Bf3 Bb7 20. Qf2 Nd7 21.
Nd5 Qc8 22. c3 b5 23. Na5 Re8 24. Nxb7 Qxb7 25. axb5 axb5 26. Rxa8 {
Schulz,W-Pietsch,A/Dresden op/1992/1-0 (39)}) 9... h6 10. Bh4 g5 11. Bg3 h5 12.
h3 Ne5 13. Bb3 e6 14. Nc3 h4 15. Bh2 Nbc6 16. Nxc6 bxc6 17. Qd2 Qa5 18. O-O-O
Be7 19. Kb1 Ra7 20. f4 gxf4 21. Bxf4 Rg8 22. Rhf1 Rg6 {
Mainka,R-Bachler,R/Vienna op (2)/1991/1-0 (23)}) (7... Nc6 8. Qd2 Qb6 9. Nb3 e6
10. h3 Nge5 11. f4 Ng6 12. f5 Nge5 13. Be2 Bd7 14. Be3 Qc7 15. O-O Na5 16. fxe6
fxe6 17. Nxa5 Qxa5 18. Rad1 Be7 19. Kh1 Rc8 20. a3 Rc6 21. Bh5+ g6 22. Be2 Nf7
23. Bg4 h5 24. Bf3 Ne5 25. Be2 g5 26. Bxg5 {Byrne,R-Browne,W/USA/1970/1-0 (33)}
) 8. Bh4 g5 9. Bg3 (9. Nf5 e6 10. Qxg4 exf5 11. exf5 gxh4 12. Qd4 Rg8 13. Ne4
Be7 14. f6 Qa5+ 15. b4 Qe5 16. Qxe5 dxe5 17. fxe7 Kxe7 18. O-O-O Nc6 19. a3 Rg6
20. Nc3 Be6 21. g3 a5 22. b5 Nd4 23. Bg2 Rc8 24. Kb2 Rc5 25. a4 b6 26. Rhe1 $10
{Nunn,J-Sadler,M/Hastings (03)/1992/0.5 (31)}) 9... Bg7 (9... Nc6 10. Bc4 Bg7
11. Nf5 Bxc3+ 12. bxc3 Nce5 13. Be2 Bxf5 14. exf5 Qa5 15. O-O Nf6 16. Rb1 b5
17. c4 bxc4 18. Rb7 Qc5 19. c3 O-O 20. Rxe7 Rfe8 21. Bxe5 dxe5 22. Rxe8+ Rxe8
23. Qa4 a5 24. Bxc4 Rb8 25. Qd1 Rc8 26. Bb3 {
Smirin,I-Malishauskas,V/Vilnius/1988/0.5 (46)}) 10. Qd2 (10. Be2 h5 11. Bxg4 (
11. h4 Nc6 (11... gxh4 12. Bxh4 Nc6 13. Nxc6 bxc6 14. Qd2 Rb8 15. Nd1 Qb6 16.
f3 Ne5 17. Bf2 c5 18. Be3 Be6 19. Kf2 Nc4 20. Bxc4 Bxc4 21. a3 Qc7 22. Rb1 Ba2
23. Rc1 Be6 24. Rb1 h4 25. Bg5 h3 26. gxh3 $15 {
Wang Pin-Peng Zhaoqin/Shanghai ctW (02)/1992/0-1 (47)}) 12. Nb3 (12. Nxc6 bxc6
13. hxg5 Rb8 $44) (12. Nf3 gxh4 13. Nxh4 Bxc3+ 14. bxc3 Qa5 15. Qd2 Be6 16. Nf3
Rc8 17. Nd4 Nce5 18. Nxe6 {0,5/Rasik,V-Michelakis,G/WchJ-Buenos Aires/1992/})
12... gxh4 13. Bxh4 Be6 (13... Bxc3+ 14. bxc3 Be6 15. Qd2 Nge5 16. Nd4 Bc4 17.
Nxc6 bxc6 18. Bxc4 Nxc4 19. Qg5 Qd7 20. Rb1 Kf8 21. Bg3 Qe6 22. Rxh5 Qxe4+ 23.
Kf1 Rxh5 24. Qxh5 Kg7 25. Qg5+ Qg6 26. Qxg6+ $15 {
Tseshkovsky,V-Ruban,V/Balassagyarmat (07)/1990/0-1 (58)}) 14. Qd2 Qb6 15. Nd5 (
15. Bxg4 $2 hxg4 16. O-O-O a5 $17 17. Nd5 Bxd5 18. exd5 a4 19. dxc6 axb3 20. a3
$8 bxc2 $1 $19 21. Qxc2 Rh5 $1 22. Qe2 Bxb2+ $1 23. Qxb2 Rc5+ 24. Kb1 Rb5 25.
Bf6 $1 $8 O-O-O $1 26. cxb7+ {Grosar,A-Rashkovsky,N/Ljubljana/1992/0-1 (41)})
15... Bxd5 16. exd5 Nd4 (16... Nce5 17. Qa5 Qxa5+ 18. Nxa5 Ng6 19. c3 Nf4 20.
Bg3 Nxe2 21. Kxe2 Rc8 22. Rad1 Kd7 23. Rh3 Rc5 24. Nb3 Rb5 25. f3 Nf6 26. c4
$15 {Polgar,J-Polugaevsky,L/Hastings (12)/1992/0-1 (60)}) 17. Nxd4 (17. Bxg4
hxg4 18. O-O-O Nf5 19. Bg5 Rxh1 20. Rxh1 Qb5 21. Rd1 Qc4 22. Qd3 Qxd3 23. Rxd3
Kd7 24. Na5 Rh8 25. Bf4 Rh1+ 26. Kd2 $17 {
Hennigan,M-Gallagher,J/London Lloyds/1992/0-1 (31)}) 17... Bxd4 18. O-O O-O-O
19. c3 Be5 20. Bxe7 Rdg8 21. Bh4 Rg7 22. Kh1 Kb8 23. Bd3 Rhg8 24. Bf5 Qc5 25.
Qd3 Bf6 26. Bxf6 $13 {Eismont,O-Rashkovsky,N/Moscow Alekhine op/1992/0-1 (50)})
(11. h3 $2 h4 12. hxg4 (12. Bxg4 hxg3 13. Nb3 gxf2+ 14. Kxf2 Nc6 15. Qd2 Bxg4
16. hxg4 Rxh1 17. Rxh1 e6 18. Rh5 Bf6 19. Nd1 Qb6+ 20. Ne3 O-O-O 21. Kf1 Qb5+
22. Kg1 Qe5 23. Rh7 Qxe4 24. Qd3 Qxd3 25. cxd3 Rd7 26. Kf2 $17 {
Kostyra,S-Ocytko,A/Warszawa HUN op/1993/0-1 (55)}) 12... hxg3 13. Rxh8+ Bxh8
14. fxg3 Nc6 15. Nf3 (15. Nb3 Be5 16. Qd2 Be6 17. Qc1 Qb6 18. Nd5 Bxd5 19. exd5
Nb4 20. c3 Nxd5 21. Bf3 Nf6 22. Qc2 a5 23. a4 Rc8 {
Shirov,A-Sadler,M/Oviedo 45' (04)/1992/0.5 (24)}) 15... Bxc3+ 16. bxc3 Qa5 17.
Qd2 f6 18. Nd4 Ne5 19. Nb3 Qc7 20. O-O-O Be6 21. Qe3 Rc8 22. Nd4 Bxa2 23. Rh1
Bf7 24. Kd2 Kd7 25. Rh7 Qc5 26. Rg7 $17 {
Soos,A-Orso,M/HUN-chT 9192/1991/0-1 (37)}) 11... hxg4 12. O-O Nc6 13. Nf5 Bxf5
14. exf5 Bxc3 15. bxc3 f6 16. Qxg4 Qa5 17. Rab1 O-O-O 18. Rb3 Rd7 19. Rfb1 Rc7
20. f3 Qd5 21. Re1 Kb8 {Mainka,R-Tischbierek,R/Baden Baden-B (05)/1992/0.5 (22)
}) (10. h3 Ne5 11. Be2 Nbc6 12. Nf5 Bxf5 13. exf5 Nd4 14. Bd3 Nxd3+ 15. Qxd3
Qa5 16. f6 Bxf6 17. O-O Rc8 18. Rae1 Rxc3 19. bxc3 Ne6 20. Qf3 Qxc3 21. Qxb7
O-O 22. Qxa6 Nd4 23. Qd3 Qxd3 24. cxd3 Ra8 25. f4 Rxa2 {
Thorhallsson,T-Gallagher,J/Forli op (05)/1992/0.5 (26)}) 10... Nc6 11. Nb3 (11.
Nf5 Bxf5 12. exf5 Qb6 13. Rb1 Qd4 14. Be2 Nge5 15. Nd5 Rc8 16. c3 Qe4 17. O-O
Qxf5 18. f4 gxf4 19. Bxf4 Qg6 20. Rbe1 h5 21. b4 Bh6 22. a4 Bxf4 23. Qxf4 Rg8
24. Rf2 Qg5 25. b5 axb5 26. axb5 $13 {
Le Pelletier,B-Bates,R/Duisburg WchJM-U14 (05)/1992/0.5 (47)}) 11... Be6 12. h4
gxh4 (12... Rg8 $5 13. hxg5 hxg5 14. f3 Nge5 15. Nd5 (15. Qxg5 $2 Nxf3+ 16.
gxf3 Bxc3+ $19) 15... b5 16. Bf2 Rb8 17. Qxg5 Nc4 $1 $13 18. Bxc4 bxc4 19. Nd4
Qa5+ 20. Kf1 Bxd4 $1 21. Qxg8+ Kd7 22. Qxb8 $1 Nxb8 23. Bxd4 Bxd5 24. Bc3 Qc5
25. Rh5 $6 e5 26. exd5 {Ryan,J-Hodgson,JM/BCF-ch (1)/1992/}) 13. Bxh4 Rc8 14.
O-O-O Nb4 15. Kb1 Qb6 16. f3 a5 $2 (16... Ne5 17. Bf2 $14 (17. Na4 Qc7)) (16...
Ne3 $1 17. Bf2 $8 Rxc3 $1 (17... Nxf1 18. Rhxf1 $14) 18. bxc3 Nxd1 19. Bxb6
Nxc3+ 20. Kc1 $8 Nbxa2+ 21. Kb2 Nxe4+ 22. Qd4 $8 Bxd4+ 23. Bxd4 Ng3 24. Bxh8
Nxh1 25. Kxa2 Ng3 26. Bd3 f6 $1 27. Bh7 Nf5 $1 28. Bxf5 Bxf5 $10 {Shirov}) 17.
fxg4 Rxc3 18. bxc3 Nxa2 19. Bf2 $1 $18 (19. Kxa2 $2 a4 20. Rb1 axb3+ 21. cxb3
O-O $40) 19... Qc6 20. Kxa2 a4 21. Bd4 axb3+ 22. cxb3 Qa4+ 23. Kb1 Qxb3+ 24.
Kc1 Bxd4 25. Qxd4 Qa3+ 26. Kd2 Rg8 27. Rxh6 Qb2+ 28. Ke3 Rxg4 29. Qa4+ Kd8 (
29... Bd7 30. Rh8+ Rg8 31. Rxg8#) (29... Kf8 30. Qa8+ Kg7 31. Qh8#) 30. Qa5+ b6
(30... Kc8 31. Rh8+ Kd7 32. Bb5+ $18) 31. Rh8+ Kc7 32. Qa7+ Kc6 33. Qa8+ (33.
Qa8+ Kc5 34. Qc8+ Bxc8 35. Rxc8#) 1-0

[Event "Hoogovens"]
[Site "Wijk aan Zee"]
[Date "1993.01.??"]
[Round "4"]
[White "Illescas Cordoba, Miguel"]
[Black "Oll, Lembit"]
[Result "1-0"]
[WhiteElo "2615"]
[BlackElo "2585"]
[Annotator "Ribli"]
[PlyCount "77"]
[EventDate "1993.01.??"]
[EventType "k.o."]
[EventRounds "5"]
[EventCountry "NED"]
[Source "ChessBase"]
[SourceDate "1993.06.01"]

1. c4 e6 2. Nc3 Bb4 3. Qb3 Ba5 (3... c5 4. a3 Ba5 5. Ne4 $16 {
Arkhipov,S-Wehmeier,S  Lippstadt 1992  CBM/31}) 4. d4 $1 (4. g3 c5 5. Bg2 Nc6
6. Nf3 Nge7 7. O-O O-O 8. Rd1 d5 9. d4 dxc4 10. Qxc4 cxd4 11. Bf4 Bb6 12. Nb5
Nf5 13. e3 Bd7 14. exd4 Rc8 $13 {Miles,A-Oll,L  Sydney Cepacol 1991  CBM/23})
4... b6 5. Nf3 c5 6. dxc5 bxc5 7. Bf4 $1 Nc6 8. O-O-O $1 $14 Nge7 9. Bd6 O-O
10. e3 $1 Bb4 11. Nb5 Qb6 12. a3 Ba5 13. Qc2 a6 14. Nc3 Bxc3 15. Qxc3 Re8 16.
Bd3 $16 Bb7 17. Bc2 Nf5 18. Bf4 Rad8 19. Bxf5 $1 exf5 20. Nh4 Ne7 (20... g6 21.
Rd6 $1 $18 {/\ Bh6}) 21. Bd6 g6 22. Be5 (22. Qf6 $5) 22... d5 23. Bh8 d4 24.
exd4 g5 25. dxc5 Qh6 26. Qf6 $1 Qxf6 27. Bxf6 gxh4 28. Rxd8 Rxd8 29. Re1 $1 Be4
30. f3 Bc6 31. Rxe7 $18 Ba4 32. b3 $1 Bxb3 33. c6 Rc8 34. c7 Ba4 35. Kb2 h6 36.
Kc3 Kh7 37. Kb4 Kg6 38. Be5 Be8 39. Ka5 1-0